<?xml version="1.0" encoding="UTF-8"?><collection xmlns="info:lc/xmlns/marcxchange-v2"><record format="Unimarc" type="bibliographic"><leader>00681cam  22002171  450 </leader><controlfield tag="001">1976876</controlfield><controlfield tag="003">http://id.bnportugal.gov.pt/bib/porbase/1976876</controlfield><controlfield tag="005">20030503141700.0</controlfield><datafield ind1=" " ind2=" " tag="010"><subfield code="a">0-07-045270-9</subfield></datafield><datafield ind1=" " ind2=" " tag="035"><subfield code="2">55090</subfield></datafield><datafield ind1=" " ind2=" " tag="095"><subfield code="a">PTBN00265333</subfield></datafield><datafield ind1=" " ind2=" " tag="100"><subfield code="a">19890905d1989    k  y0pora0103    ba</subfield></datafield><datafield ind1="0" ind2=" " tag="101"><subfield code="a">eng</subfield></datafield><datafield ind1=" " ind2=" " tag="102"><subfield code="a">US</subfield></datafield><datafield ind1="1" ind2=" " tag="200"><subfield code="a">McGraw-Hill dictionary of scientific and technical terms</subfield><subfield code="f">edited by Sybil P. Parker</subfield></datafield><datafield ind1=" " ind2=" " tag="205"><subfield code="a">4th ed</subfield></datafield><datafield ind1=" " ind2=" " tag="210"><subfield code="a">New York</subfield><subfield code="c">McGraw-Hill</subfield><subfield code="d">1989</subfield></datafield><datafield ind1=" " ind2=" " tag="215"><subfield code="a">XVII, 2088, A49 p.</subfield></datafield><datafield ind1=" " ind2=" " tag="675"><subfield code="a">001.4(03)</subfield><subfield code="v">BN</subfield><subfield code="z">por</subfield><subfield code="3">1447783</subfield></datafield><datafield ind1=" " ind2="1" tag="702"><subfield code="a">Parker</subfield><subfield code="b">Sybil P.</subfield><subfield code="4">340</subfield><subfield code="3">430086</subfield></datafield><datafield ind1=" " ind2="0" tag="801"><subfield code="a">PT</subfield><subfield code="b">BN</subfield><subfield code="g">RPC</subfield></datafield><datafield ind1=" " ind2=" " tag="977"><subfield code="1">Div/Inf</subfield><subfield code="2">coop</subfield><subfield code="4">UAVSD</subfield><subfield code="6">mq403241</subfield><subfield code="7">bc</subfield><subfield code="8">coop</subfield><subfield code="9">UAVSD</subfield><subfield code="b">53986</subfield><subfield code="k">0</subfield></datafield><datafield ind1=" " ind2=" " tag="977"><subfield code="1">U20 40363 SDE</subfield><subfield code="2">coop</subfield><subfield code="4">UTADBG</subfield><subfield code="6">mq403242</subfield><subfield code="7">bc</subfield><subfield code="8">coop</subfield><subfield code="9">UTADBG</subfield><subfield code="k">0</subfield></datafield></record></collection>